000 01534nam a2200325 a 4500
999 _c173562
_d173562
003 BLK
005 20241104111040.0
008 180411b bul|||||r ||||||| ||bul||
010 _aKNG00181975000
040 _aBLK
041 _aBUL
_cBUL
080 _aЛитература на отделни езици и езикови семейства
_b821
_x-34
_z821-34
100 1 _aУайлд, Оскар
_d1854 - 1900
_gАнглийски писател, поет, драматург
_qУайлд, Оскар Фингъл О'Флеърти Уилс
_9132080
139 _aУайлд, Оскар
_bУ 13
245 1 0 _aПреданният приятел
_bПриказки
_cОскар Уайлд; прев. от англ. Цветан Савов Стоянов; худож. Златка Дъбова.
257 _aGBR
260 _aСофия
_bНар. младеж
_c1961
300 _a40 с.
_bс ил.
_c22 см
380 _aDX
490 _aМасова библиотека Пчелица
_v2
_9205275
500 _aПодбрани от англ. изд. The works of Oskar Wilde. London. - 50 100 тир. - Авт. не е даден на кор.
700 1 _aСтоянов, Цветан Савов
_eпрев. от англ.
_9364382
700 1 _aДъбова, Златка
_eхудож.
_9376971
852 _aЦб 32160
_bЦб
856 4 _qpdf
856 4 _qpdf
942 _cKNG
_n0
_s1
944 _aCR
_c16.09.2015
_k30560
_lГеновева Генчева
944 _aED
_c16.09.2015
_kКина_Георгиева